| 000 | 01111cam a22003375a 4500 | ||
|---|---|---|---|
| 001 | 017133235 | ||
| 003 | OSt | ||
| 005 | 20161129111628.0 | ||
| 008 | 150326t2016 nyua frbd 001 0 eng d | ||
| 020 | _a9781259254109 | ||
| 020 | _a1259254100 | ||
| 040 |
_aStDuBDS _beng _cStDuBDS _dUk _dEG-ScBUE |
||
| 042 | _aukblcatcopy | ||
| 082 | 0 | 4 |
_a338.5 _bFRA _222 |
| 100 | 1 |
_93237 _aFrank, Robert H. |
|
| 245 | 1 | 0 |
_aPrinciples of microeconomics / _cRobert H. Frank ... [et al.] ; with special contribution by Per J. Norander. |
| 250 | _a6th ed., international ed. | ||
| 260 |
_aNew York : _bMcGraw-Hill Education, _cc.2016. |
||
| 300 |
_a1 v. (various pagings) : _bill. ; _c28 cm. |
||
| 490 | 0 | _aMcGraw-Hill series in economics | |
| 500 | _aPrevious edition: 2013. | ||
| 500 | _aIncludes index. | ||
| 500 | _aIncludes glossary | ||
| 504 | _aIncludes bibliographical references. | ||
| 650 | 7 |
_aMicroeconomics. _2BUEsh _95599 |
|
| 651 | _2BUEsh | ||
| 653 |
_bBUSECO _cOctober2016 |
||
| 700 | 1 |
_aNorander, Per J., _econtributor. |
|
| 700 | 1 |
_93237 _aFrank, Robert H. |
|
| 942 | _2ddc | ||
| 999 |
_c22548 _d22520 |
||